The Rainy Day We Met Lyrics - Maybe Happy Ending - Statistics

General Stats
  • This quiz has been taken 40 times
  • The average score is 300 of 369
Answer Stats
Speaking Lyrics % Correct
a
100%
day
100%
for
100%
I
100%
a
100%
day
100%
Claire (spoken) | Oliver (spoken) I
100%
in
100%
just
100%
my
100%
in
100%
of-
100%
Claire (spoken) On
100%
on
100%
outside
100%
Claire (spoken) Paris!
100%
rain
100%
rain?
100%
rainy
100%
Both (spoken) | Claire (spoken) | Oliver (spoken) So
100%
so
100%
street?
100%
that
100%
the
100%
Oliver (spoken) The
100%
umbrella
100%
umbrella-
100%
we
100%
Oliver (spoken) We
100%
where
100%
You
100%
you
100%
you-
100%
your
100%
Oliver (spoken) Your
100%
just
100%
me
100%
met
100%
Oliver My
100%
my
100%
Oliver New
100%
Claire No
100%
of
100%
on
100%
Paris
100%
Claire Paris!
100%
rain
100%
rainy
100%
Claire So
100%
so
100%
street
100%
that
100%
Oliver That
100%
the
100%
Both | Claire | Oliver The
100%
umbrella
100%
we
100%
Claire We
100%
York
100%
York!
100%
Claire | Oliver You
100%
you
100%
your
100%
Oliver Your
100%
describing
93%
forgot
93%
fur
93%
hand
93%
did
93%
Claire (spoken) Did
93%
forgot
93%
get
93%
It
93%
it
93%
know
93%
meet?
93%
streets
93%
it
93%
Oliver It
93%
Claire (spoken) Unbelievable
93%
was
93%
red
93%
Santa
93%
shoulder
93%
streets
93%
was
93%
and
87%
And
87%
be
87%
dry
87%
even
87%
hat
87%
but
87%
Oliver (spoken) But
87%
inside
87%
inside?
87%
mine
87%
movie?
87%
this?
87%
this
87%
under
87%
were
87%
Oliver (spoken) Yes!
87%
now
87%
perfect
87%
raincoat
87%
set
87%
shy
87%
were
87%
wore
87%
you're
87%
beating
80%
bright
80%
feel
80%
hearts
80%
feel
80%
from
80%
Claire (spoken) | Oliver (spoken) They
80%
jazz
80%
kept
80%
our
80%
Claire Our
80%
quartet
80%
to
80%
two
80%
way
80%
would
80%
all
73%
Both All
73%
at
73%
away
73%
band
73%
both
73%
breath
73%
choose
73%
could
73%
except
73%
forget
73%
also
73%
could
73%
go
73%
initiated
73%
made
73%
playing
73%
ran
73%
said
73%
turn
73%
us
73%
mood
73%
parts
73%
quiet
73%
silent
73%
spoke
73%
too
73%
can't
67%
crowded
67%
handle
67%
melancholy,
67%
offer
67%
romantic,
67%
It's
67%
what
67%
later
67%
noisy
67%
One
67%
one
67%
say
67%
since
67%
somewhere
67%
those
67%
what
67%
when
67%
barely
60%
beautiful
60%
feet
60%
first
60%
how
60%
as
60%
first-
60%
have
60%
How
60%
situation?
60%
walked
60%
Oliver (spoken) Well
60%
Why
60%
kissed
60%
old
60%
patter
60%
stared
60%
subway
60%
then
60%
took
60%
word
60%
danced
53%
Claire (spoken) Oh
53%
little
53%
missed
53%
night
53%
silence
53%
timey
53%
wet
53%
absurd
47%
held
47%
don't
47%
magic
47%
nervous
47%
socks
47%
started
47%
buses
40%
by
40%
hard
40%
god
40%
laughed
40%
rush
40%
side
40%
breathless
33%
long
33%
knew
33%
meant
33%
talking
33%
awkwardly
27%
called
27%
game
27%
are
27%
love's
27%
morning
27%
name
27%
Thanks
27%
tried
27%
up
27%
waking
27%
demanded
20%
moment
20%
Anyway,
13%
that's
13%
world
13%
seems
7%
No matching quizzes found
Score Distribution
Percent of People with Each Score
Percentile by Number Answered
Your Score History
You have not taken this quiz